000 00430nam a2200169Ia 4500
005 20250923144714.0
008 008 250917s9999 xx 000 0 eng d
037 _aTextual
040 _aDSWL
_beng
_cDSWL
041 _aeng
_2eng
084 _qDSWL
245 0 _aIndia's villages
_cEd.by M.N. Srinivas
260 _aBombay
_bAsia Publishing House
_c1960
300 _a222p.
942 _cTEXL
999 _c1442303
_d1442303